| 000 | 00936 a2200169 4500 | ||
|---|---|---|---|
| 003 | Nust | ||
| 005 | 20170207153309.0 | ||
| 040 | _cNust | ||
| 082 | _a623.8726 | ||
| 100 | _aElectric motors | ||
| 245 |
_aElectric motors and generators _billustrated |
||
| 260 |
_aLondon _bOdhams Press _c1956 |
||
| 300 | _a384p | ||
| 505 | _aHow Motors And Generators Are Used (Page-5), General Principles Of Design (Page-28), Design Of Magnetic Circuits (Page-37), Armature And Rotor Construction (Page-57), Communicators, Slip-Rings And Brush Gear (Page-78), Field And Armature Windings (Page-96), Casing Design And Ventilation (Page-123), D.C. Generators And Kindred Machines (Page-146), D.C. Motors (Page-167), A.C. Motors (Page-210), Starters And Speed Control (Page-231), Primary Power For Generators (Page-253), Testing (Page-292), Communication (Page-323), Maintenance (Page-336). | ||
| 538 | _aAlmirah No.42 Shelf No. 2 | ||
| 650 | _aElectric motors | ||
| 942 |
_2ddc _cBK |
||
| 999 |
_c183580 _d183580 |
||